Enterprise learning in action (Record no. 46110)
[ view plain ]
| 000 -LEADER | |
|---|---|
| fixed length control field | 01460nam a2200337Ia 4500 |
| 100 1# - MAIN ENTRY--AUTHOR NAME | |
| Personal name | Shuttleworth, Dale E. |
| 245 10 - TITLE STATEMENT | |
| Title | Enterprise learning in action |
| 260 ## - PUBLICATION, DISTRIBUTION, ETC. (IMPRINT) | |
| Place of publication | London ; |
| -- | New York : |
| Name of publisher | Routledge, |
| Year of publication | 1993. |
| 300 ## - PHYSICAL DESCRIPTION | |
| Number of Pages | xvi, 222 p. |
| 490 1# - SERIES STATEMENT | |
| Series statement | Educational management series |
| 650 #0 - SUBJECT ADDED ENTRY--TOPICAL TERM | |
| Topical Term | Labor supply |
| Topical Term | Business and education |
| Topical Term | Occupational training |
| 856 40 - ELECTRONIC LOCATION AND ACCESS | |
| Uniform Resource Identifier | http://site.ebrary.com/lib/rucke/Doc?id=10060638 |
No items available.
